000 00743nam a22002057a 4500
999 _c13296
_d13296
003 AR-CdUCM
008 190411b ||||| |||| 00| 0 spa d
040 _aMUNICIPALIDAD PROVINCIAL DEL CUSCO
_cBIBLIOTECA MUNICIPAL DEL CUSCO
082 _a372.372 /
_bG54 / 1973
100 _aGiunta Bergna de Stiglich, Teresa
_931641
245 _aAlgunos aspectos de la educación sexual en Lima Metropolitana /
260 _aLima :
_bCentro de Estudios de Población y Desarrollo,
_c1973.
300 _a44 páginas ;
_c27 cm.
505 _aContenido: Educación sexual.
650 _aEducación sexual
_96369
650 _aSexualidad
_99609
650 _aConocimiento sobre educación sexual
_931642
942 _2ddc
_cTESIS
945 _adavv
_d11/04/2019